[Event "Olympiad Women 2024"]
[Site "Budapest HUN"]
[Date "2024.09.18"]
[Round "7.64"]
[Board "3"]
[White "Forbes, Yasmin"]
[Black "Abera, Mekdes Demssie"]
[Result "0-1"]
[WhiteElo "1606"]
[BlackElo "1593"]
[PlyCount "60"]
[EventDate "2024.09.11"]
[WhiteTeam "Jersey"]
[BlackTeam "Ethiopia"]
[BlackTeamCountry "ETH"]

1. c4 e6 2. g3 c6 3. Bg2 ({RR} 3. e4 d5 4. e5 dxc4 5. Bxc4 Qd4 6. Qe2 Nd7 7. Nf3 Qc5 8. d4 Qb6 9. O-O Ne7 10. Nc3 a6 11. a4 Nf5 12. a5 Qc7 13. Ne4 h5 14. h3 Be7 15. Rd1 Nf8 16. Bg5 Ng6 17. g4 hxg4 {1-0 Jovic,S (2097)-Guzman Lozano,C (1902) Titled Tue 9th Apr Early 2024 (11)}) 3... Nf6 4. Nc3 Bc5 5. d4 Bb6 $146 ({RR} 5... Be7 6. e4 d5 7. e5 Ne4 8. Nxe4 dxe4 9. Ne2 c5 10. Bxe4 cxd4 11. O-O Bc5 12. b4 d3 13. Bxd3 Bxb4 14. Qc2 h6 15. Be3 Nc6 16. Rfd1 Bd7 17. Be4 Qc7 18. a3 Be7 19. f4 Rc8 20. c5 {½-½ Tazarout,A (1724)-Brahimi,A (1191) ALG Cup Bejaia 2020 (3)}) 6. Nf3 a6 7. O-O d5 8. b3 Nbd7 9. Bg5 h6 10. Bf4 g5 11. Bd6 Bc7 12. Bxc7 Qxc7 13. Nd2 b6 14. e4 dxe4 15. Ndxe4 Bb7 16. Qf3 Nxe4 17. Nxe4 f5 18. Qh5+ Ke7 19. Nc3 Nf6 20. Qe2 Rad8 21. Rfe1 Bc8 22. d5 cxd5 23. Bxd5 Rd6 24. Qe5 Qc5 25. Na4 Qc7 26. Qxf5 Kf7 27. Bxe6+ Bxe6 28. Qe5 Qc6 29. Nc3 Re8 30. a4 Bh3 0-1

[Event "Olympiad Women 2024"]
[Site "Budapest HUN"]
[Date "2024.09.18"]
[Round "7.65"]
[Board "1"]
[White "Efentakis, Katina"]
[Black "Sosna Mehari Abraham"]
[Result "0-1"]
[WhiteElo "1650"]
[BlackElo "1541"]
[PlyCount "126"]
[EventDate "2024.09.11"]
[WhiteTeam "Mozambique"]
[BlackTeam "Eritrea"]
[WhiteTeamCountry "MOZ"]
[BlackTeamCountry "ERI"]

1. e4 c5 2. Nf3 d6 3. d4 cxd4 4. Nxd4 g6 5. Be3 Bg7 6. Nc3 Nf6 7. f3 O-O 8. Qd2 Nc6 9. O-O-O Bd7 10. Bh6 Nxd4 11. Bxg7 Kxg7 ({RR} 11... Nxf3 12. gxf3 Kxg7 13. Nd5 Nxd5 14. Qxd5 Be6 15. Qd4+ f6 16. Bc4 Bxc4 17. Qxc4 Rc8 18. Qb4 Qc7 19. c3 a5 20. Qd4 Qc5 21. Qd2 b5 22. h4 h5 23. f4 b4 24. Rh3 bxc3 25. Rxc3 Qb4 26. Qd4 {0-1 Gulamirian,K (1816)-Kula,R (2284) Titled Tue 3rd Oct Late 2023 (6)}) 12. Qxd4 a6 13. g4 Kg8 $146 ({RR} 13... b5 14. g5 e5 15. gxf6+ Qxf6 16. Qxd6 Qxf3 17. Be2 Qe3+ 18. Kb1 Rfd8 19. Qxe5+ Kg8 20. Nd5 Qxe2 21. Nf6+ Kf8 22. Nxd7+ Kg8 23. Nf6+ Kf8 24. Nxh7+ Kg8 25. Nf6+ Kf8 26. Rc1 Qf3 27. Rhf1 Qe2 28. Nd5 {1-0 Krueger,U (1620)-Reich,E (1500) GER-ch U18 sf Berlin Online blitz 2020 (9)}) 14. h4 Rc8 15. Bd3 Qc7 16. Qe3 Bb5 17. Nxb5 axb5 18. h5 Rfd8 19. hxg6 fxg6 20. Rdg1 e5 21. Kb1 b4 22. Rg2 d5 23. Rgh2 dxe4 24. Bxe4 Nxe4 25. Qxe4 Rd4 26. Qe3 Rcd8 27. Qb3+ Kf8 28. Rc1 e4 29. Re2 Qf4 30. Re3 Qd6 31. fxe4 Kg7 32. Rd3 Rxd3 33. cxd3 Qxd3+ 34. Qxd3 Rxd3 35. Rc7+ Kh6 36. Rxb7 Rd4 37. e5 Rxg4 38. e6 Re4 39. e7 g5 40. Rxb4 Rxe7 41. a4 Ra7 42. b3 Kh5 43. Rb5 Kh4 44. Kc1 g4 45. Kd1 g3 46. Re5 g2 47. Re1 Rg7 48. a5 g1=Q 49. Rxg1 Rxg1+ 50. Kc2 Rg8 51. b4 h5 52. a6 Kg3 53. Kc3 h4 54. b5 h3 55. Kb4 h2 56. a7 h1=Q 57. b6 Qb7 58. Kc5 Rg5+ 59. Kc4 Qd5+ 60. Kc3 Rg4 61. Kc2 Rc4+ 62. Kb3 Qb5+ 63. Ka2 Ra4# 0-1

[Event "Olympiad Women 2024"]
[Site "Budapest HUN"]
[Date "2024.09.18"]
[Round "7.65"]
[Board "2"]
[White "Besrat Mesgena Yoseph"]
[Black "Castro, Neusa Aridas De"]
[Result "1-0"]
[WhiteElo "1557"]
[BlackElo "1684"]
[PlyCount "61"]
[EventDate "2024.09.11"]
[WhiteTeam "Eritrea"]
[BlackTeam "Mozambique"]
[WhiteTeamCountry "ERI"]
[BlackTeamCountry "MOZ"]

1. e4 e6 2. Nf3 d5 3. exd5 exd5 4. d4 Nf6 5. Nc3 Be7 6. Be2 O-O 7. O-O c6 8. h3 Nbd7 9. Bd3 Re8 10. a3 Nf8 11. Bf4 Be6 $146 ({RR} 11... Ng6 12. Bxg6 hxg6 13. Re1 Bf5 14. Nd2 a5 15. Nf1 Bd6 16. Rxe8+ Nxe8 17. Bxd6 Nxd6 18. Ne3 Qf6 19. Nxf5 gxf5 20. f3 Re8 21. b3 f4 22. Qd2 g5 23. Rf1 Nf5 24. Nd1 Qxd4+ 25. Qxd4 Nxd4 26. Rf2 {0-1 Kaya,S (1048)-Catal,U (1737) TUR-chT2 Konya 2018 (1.7)}) 12. Re1 Rc8 13. Ne2 Ng6 14. Bxg6 hxg6 15. Ng3 Nh7 16. c3 g5 17. Bc1 g4 18. hxg4 Bxg4 19. Qd3 Qc7 20. Ne5 Bd6 21. f4 f6 22. Qg6 Be6 23. Ng4 Bxf4 24. Bxf4 Qxf4 25. Nh5 Qc7 26. Ngxf6+ Nxf6 27. Nxf6+ Kf8 28. Nxe8 Rxe8 29. Rxe6 Rd8 30. Rae1 Qf7 31. Rf1 1-0

[Event "Olympiad Women 2024"]
[Site "Budapest HUN"]
[Date "2024.09.18"]
[Round "7.65"]
[Board "3"]
[White "Sandramo, Chineva Rufino"]
[Black "Elshalom Essayas Berhane"]
[Result "0-1"]
[WhiteElo "1524"]
[BlackElo "1659"]
[PlyCount "90"]
[EventDate "2024.09.11"]
[WhiteTeam "Mozambique"]
[BlackTeam "Eritrea"]
[WhiteTeamCountry "MOZ"]
[BlackTeamCountry "ERI"]

1. e4 c5 2. Nf3 d6 3. d4 cxd4 4. Nxd4 Nc6 5. Nc3 g6 6. Bc4 Bg7 7. Be3 Nf6 8. f3 Bd7 9. Qd2 O-O 10. O-O-O Rc8 11. Bb3 a6 12. g4 b5 13. h4 Nxd4 14. Bxd4 a5 15. h5 a4 16. Bd5 $146 ({RR} 16. Bxf6 axb3 17. Bxg7 bxa2 18. Nxa2 Kxg7 19. hxg6 fxg6 20. Qh6+ Kf6 21. g5+ Ke6 22. Qh3+ Ke5 23. Rd5+ Kf4 24. Qh4+ Kxf3 25. Rd3+ Ke2 26. Re1# {1-0 Mikalsen,E (2053)-Rodsmoen,M (1817) Oslo op ELO 2011 (3)}) 16... e6 17. Bb7 Rb8 18. e5 dxe5 19. Bxe5 Rxb7 20. hxg6 fxg6 21. g5 Nh5 22. Bxg7 Kxg7 23. Qd4+ Kg8 24. Ne4 Rc7 25. Rh2 Qe7 26. Rdh1 Bc6 27. Rxh5 Bxe4 28. R5h2 Qxg5+ 29. Kb1 Rxf3 30. Qxe4 Qf6 31. a3 Rf1+ 32. Ka2 Rxh1 33. Rxh1 Qf5 34. Qa8+ Kg7 35. Rd1 Qxc2 36. Qd8 Qc4+ 37. Ka1 e5 38. Qe8 Qe2 39. Qd8 Rf7 40. Rc1 h5 41. Ka2 Qe3 42. Rc3 Qd4 43. Qb8 Qd5+ 44. Kb1 Rf1+ 45. Rc1 Qe4+ 0-1

[Event "Olympiad Women 2024"]
[Site "Budapest HUN"]
[Date "2024.09.18"]
[Round "7.66"]
[Board "1"]
[White "Sukhu, Gloria"]
[Black "Andhin, Chethanah"]
[Result "1/2-1/2"]
[WhiteElo "1634"]
[BlackElo "1607"]
[PlyCount "110"]
[EventDate "2024.09.11"]
[WhiteTeam "Fiji"]
[BlackTeam "Mauritius"]
[WhiteTeamCountry "FIJ"]
[BlackTeamCountry "MRI"]

1. e4 e6 2. Nf3 d5 3. e5 c5 4. c3 Ne7 5. d4 Nf5 6. Bd3 Nc6 7. Bc2 ({RR} 7. dxc5 Bxc5 8. O-O Nh4 9. Nbd2 Bd7 10. Nxh4 Qxh4 11. Nf3 Qh5 12. Qe2 f6 13. Re1 Bb6 14. Be3 Bc7 15. Bd4 O-O-O 16. b4 Kb8 17. a4 f5 18. a5 Rc8 19. b5 Nxd4 20. cxd4 b6 21. Qb2 Qf7 {0-1 Lorenzo de la Riva,L (2433)-Perez Mitjans,O (2495) Barbera del Valles op 36th 2013 (9)}) ({RR} 7. dxc5 Nh4 8. Nxh4 Qxh4 9. Qe2 Bxc5 10. Nd2 Bb6 11. Nf3 Qe7 12. O-O Bd7 13. b4 f6 14. Bf4 Rc8 15. a4 Bc7 16. b5 Nxe5 17. Nxe5 fxe5 18. Bxe5 Bxe5 19. Qxe5 O-O 20. Rac1 Rc5 21. f4 g6 {½-½ Wall,G (2300)-Alsina Leal,D (2520) 4NCL 2022-23 (3.4)}) 7... Qb6 $146 ({RR} 7... cxd4 8. cxd4 Qb6 9. Bxf5 exf5 10. O-O Be6 11. Nc3 h6 12. Na4 Qc7 13. h4 Be7 14. Bf4 O-O-O 15. g3 Rdg8 16. Qd2 Qd8 17. h5 g5 18. hxg6 fxg6 19. Qd3 g5 20. Bd2 f4 21. Nh2 Qd7 22. Rac1 {0-1 Mellen,M-Detko,J (2059) SVK-chT1W 0001 2000 (1)}) ({RR} 7... Bd7 8. O-O cxd4 9. cxd4 Qb6 10. Bxf5 exf5 11. Nc3 Be6 12. a3 Be7 13. b4 O-O 14. Na4 Qd8 15. Nc5 b6 16. Nd3 g5 17. Nb2 g4 18. Ne1 Kh8 19. g3 f6 20. f4 a5 21. b5 Nxd4 22. exf6 {0-1 Price,W-Gosling,B (2024) South Wales op 4th 2007 (1)}) ({RR} 7... cxd4 8. cxd4 Qb6 9. Bxf5 exf5 10. O-O Be6 11. b3 Be7 12. Be3 f6 13. Re1 O-O 14. Nbd2 Qd8 15. exf6 Bxf6 16. Bf4 Bf7 17. Be5 Bh5 18. Qc2 Be7 19. Qb2 Bb4 20. Re3 f4 21. Re2 Bxd2 22. Qxd2 {1-0 Zeller,E (1216)-Hueglin,L (938) GER-chT U14 Girls 2007 (5.2)}) 8. Nbd2 cxd4 9. Nb3 dxc3 10. bxc3 Be7 11. O-O O-O 12. Rb1 Qc7 13. Bb2 Nxe5 14. Bxf5 Nxf3+ 15. Qxf3 exf5 16. Nd4 Be6 17. Nxf5 Bxf5 18. Qxf5 Rad8 19. Rfc1 Bf6 20. Qg4 Rd6 21. Ba3 Rc6 22. Bxf8 Kxf8 23. Qb4+ Ke8 24. Qxb7 Qxb7 25. Rxb7 a6 26. Re1+ Re6 27. Rd1 Bxc3 28. g3 d4 29. Rd3 Re2 30. Rf3 Rxa2 31. Rfxf7 d3 32. Rfc7 Ra1+ 33. Kg2 Kd8 34. Rxc3 d2 35. Rd3+ Kc8 36. Rxg7 d1=Q 37. Rxd1 Rxd1 38. Rxh7 Rd7 39. Rh4 Kb7 40. f4 a5 41. f5 Rd5 42. Rf4 Rd8 43. f6 Rf8 44. g4 a4 45. g5 a3 46. h4 Ra8 47. Rf1 a2 48. Ra1 Kc7 49. Kg3 Kd7 50. h5 Ke6 51. Re1+ Kf5 52. f7 Kxg5 53. Ra1 Kxh5 54. Rxa2 Rf8 55. Rf2 Kg6 1/2-1/2

[Event "Olympiad Women 2024"]
[Site "Budapest HUN"]
[Date "2024.09.18"]
[Round "7.66"]
[Board "2"]
[White "Acham, Meritza"]
[Black "Terubea, Cydel"]
[Result "1/2-1/2"]
[WhiteElo "1667"]
[BlackElo "1681"]
[PlyCount "107"]
[EventDate "2024.09.11"]
[WhiteTeam "Mauritius"]
[BlackTeam "Fiji"]
[WhiteTeamCountry "MRI"]
[BlackTeamCountry "FIJ"]

1. d4 d5 2. c4 e6 3. Nc3 Nf6 4. Bg5 c6 5. e3 Be7 6. Nf3 Nbd7 7. Bd3 h6 8. Bh4 a6 9. O-O ({RR} 9. a4 O-O 10. O-O dxc4 11. Bxc4 c5 12. Qe2 cxd4 13. exd4 Nb6 14. Bb3 Bd7 15. Rfd1 Bc6 16. Ne5 Nbd5 17. Bg3 Qa5 18. Ne4 Rac8 19. h3 Rfd8 20. Nxc6 Rxc6 21. Be5 Qb4 22. Rd3 Nxe4 23. Qxe4 f6 {½-½ Law,A (2340)-Efimov,I (2470) Arnold Cup Gausdal 1991 (8)}) 9... Nb6 $146 ({RR} 9... dxc4 10. Bxc4 c5 11. a4 Nb6 12. Bb3 cxd4 13. exd4 Nbd5 14. Ne5 O-O 15. Qf3 Qb6 16. Bxd5 Qxd4 17. Bxb7 Bxb7 18. Qxb7 Ra7 19. Nc6 Rxb7 20. Nxd4 Rxb2 21. Nc6 Bc5 22. Bxf6 gxf6 23. Ne4 Rc8 24. Rac1 {1-0 Frydman,P-Silbermann,H Olympiad-06 Warsaw 1935 (8)}) ({RR} 9... b5 10. cxd5 cxd5 11. h3 Bb7 12. Rc1 O-O 13. Bb1 Re8 14. Bg3 Rc8 15. a3 Ne4 16. Nxe4 dxe4 17. Nd2 f5 18. Ba2 Bg5 19. Qe2 Nb6 20. Be5 Bd5 21. Bxd5 Qxd5 22. f3 exf3 23. Nxf3 Be7 24. Nd2 {½-½ Hilkevich,Z (2022)-Arnold,K Titled Tue 23rd Apr Late 2024 (6)}) ({RR} 9... b5 10. cxd5 cxd5 11. a3 O-O 12. Rc1 Bb7 13. Bb1 Ne4 14. Bxe7 Qxe7 15. Nd2 Nxd2 16. Qxd2 Rfc8 17. Qd3 g6 18. e4 dxe4 19. Nxe4 Rxc1 20. Rxc1 Rc8 21. Rxc8+ Bxc8 22. b4 Nb6 23. Nc5 Qg5 24. Qe3 {0-1 Bajec,B (1780)-Leben,D (1857) SLO-chT Central 19th 2018 (1.3)}) ({RR} 9... b5 10. c5 Bb7 11. b4 a5 12. a3 axb4 13. axb4 O-O 14. Ne5 Nxe5 15. dxe5 Nd7 16. Bxe7 Qxe7 17. f4 Rxa1 18. Qxa1 Ra8 19. Qb2 f5 20. Ra1 Qd8 21. Rxa8 Qxa8 22. Qa2 Kf7 23. Qxa8 Bxa8 24. Ne2 {½-½ Jerabek,J (1189)-Divis,J (1536) Valasska Bystrice op 11th 2019 (4)}) 10. c5 Nbd7 11. b4 O-O 12. a4 Re8 13. b5 Nh5 14. Bxe7 Qxe7 15. bxc6 bxc6 16. a5 Nhf6 17. Na4 e5 18. Nd2 Ra7 19. Nb6 Bb7 20. Nb3 e4 21. Be2 Nf8 22. Nc1 N6h7 23. Na2 Qg5 24. Nb4 Nf6 25. Qa4 Re6 26. Rfb1 Ng4 27. Bxg4 Qxg4 28. Ra2 Rg6 29. g3 Rg5 30. Qd1 Ng6 31. Qxg4 Rxg4 32. h3 Rg5 33. Kh2 Rf5 34. Rab2 Ne7 35. Nc2 Rxf2+ 36. Kg1 Rf3 37. Kh2 Nf5 38. Re1 Nxg3 39. Kg2 Nf5 40. Re2 Nh4+ 41. Kh2 g5 42. Ne1 Rf6 43. Rf2 Re6 44. Rf1 Kg7 45. Rbf2 f5 46. Rg1 Re7 47. Rgf1 Kg6 48. Rg1 Kf6 49. Rgf1 Rc7 50. Ng2 Nf3+ 51. Kh1 Bc8 52. Ne1 Nh4 53. Ng2 Nf3 54. Ne1 1/2-1/2

[Event "Olympiad Women 2024"]
[Site "Budapest HUN"]
[Date "2024.09.18"]
[Round "7.66"]
[Board "4"]
[White "Beekhy, Aamirah"]
[Black "Sukhu, Makayla"]
[Result "0-1"]
[WhiteElo "1600"]
[BlackElo "1521"]
[PlyCount "90"]
[EventDate "2024.09.11"]
[WhiteTeam "Mauritius"]
[BlackTeam "Fiji"]
[WhiteTeamCountry "MRI"]
[BlackTeamCountry "FIJ"]

1. d4 d5 2. Bf4 Nf6 3. e3 e6 4. Nd2 Be7 5. Ngf3 Nbd7 6. Bd3 O-O 7. Ne5 c5 8. c3 b6 9. Ndf3 ({RR} 9. Qf3 Bb7 10. h4 cxd4 11. exd4 Nxe5 12. dxe5 Nd7 13. O-O-O Rc8 14. Bxh7+ Kxh7 15. Qh5+ Kg8 16. Nf3 f6 17. Ng5 fxg5 18. hxg5 Rxf4 19. Qh8+ Kf7 20. g6+ {1-0 Tristan,L (2535)-Moreda,L (2266) Arcelor Mittal op blitz 2020 (5)}) ({RR} 9. Qf3 Bb7 10. Qh3 c4 11. Bc2 b5 12. g4 g6 13. Nxd7 Nxd7 14. Nf3 a5 15. Qh6 Re8 16. g5 Bf8 17. Qh4 b4 18. Ba4 Re7 19. Bxd7 Rxd7 20. Ne5 Re7 21. Ng4 Bg7 22. Nf6+ Bxf6 23. gxf6 Re8 {1-0 Jirousek,T (1772)-Hampl,D (1778) TCh-CZE 1 Liga Zapad 2022 (7.4)}) 9... c4 $146 ({RR} 9... Bb7 10. O-O Ne4 11. Nxd7 Qxd7 12. Ne5 Qd8 13. h3 f6 14. Nf3 g5 15. Bh2 Rf7 16. Nd2 Nxd2 17. Qxd2 c4 18. Bc2 b5 19. a3 a5 20. Rfe1 Bd6 21. Bxd6 Qxd6 22. e4 dxe4 23. Bxe4 Bxe4 24. Rxe4 {1-0 Huppertz,A (1850)-Hiebsch,C (1811) BL2 West 1516 (Women) 2015 (2.3)}) 10. Bc2 Ne4 11. h4 f6 12. Nc6 Qe8 13. Nxe7+ Qxe7 14. Ba4 e5 15. dxe5 Qe6 16. exf6 Ndxf6 17. Ng5 Nxg5 18. hxg5 Ng4 19. Qe2 Bb7 20. O-O-O Rxf4 21. Qc2 Rf5 22. e4 Rxf2 23. Rd2 Raf8 24. exd5 Rf1+ 25. Rd1 Rxd1+ 26. Qxd1 Qe3+ 27. Qd2 Qxd2+ 28. Kxd2 Bxd5 29. Bd7 Rf2+ 30. Kc1 Ne3 31. Re1 Rf1 32. Kd2 Rxe1 33. Kxe1 Nxg2+ 34. Kf2 Nf4 35. Ke3 Ng6 36. Kd4 Ne7 37. Ke5 Kf7 38. a3 Bg2 39. Be6+ Kg6 40. Bxc4 Kxg5 41. Ke6 Nf5 42. Bd3 g6 43. b4 h5 44. c4 h4 45. b5 h3 0-1

[Event "Olympiad Women 2024"]
[Site "Budapest HUN"]
[Date "2024.09.18"]
[Round "7.67"]
[Board "1"]
[White "Bouzana, Christina"]
[Black "Ahmed, Najla"]
[Result "1/2-1/2"]
[WhiteElo "1644"]
[BlackElo "1539"]
[PlyCount "93"]
[EventDate "2024.09.11"]
[WhiteTeam "Cyprus"]
[BlackTeam "Bahrain"]
[WhiteTeamCountry "CYP"]
[BlackTeamCountry "BHN"]

1. d4 d5 2. c4 e6 3. Nc3 Nf6 4. cxd5 exd5 5. Bg5 Be7 6. e3 O-O 7. Bd3 Re8 8. Qc2 h6 9. Bh4 c6 ({RR} 9... c5 10. Nf3 cxd4 11. Nxd4 Nc6 12. Nxc6 bxc6 13. O-O Be6 14. Na4 Nd7 15. Bxe7 Qxe7 16. Rac1 Ne5 17. Nc5 Bg4 18. Bh7+ Kh8 19. Bf5 h5 20. h3 Nf3+ 21. Kh1 Qe5 22. gxf3 Bxf3+ 23. Kg1 Qf6 24. Kh2 {0-1 Oparin,G (2681)-Dubov,D (2716) Titled Tue 18th Jul Early 2023 (6)}) ({RR} 9... c5 10. Nge2 Nc6 11. dxc5 d4 12. O-O-O dxc3 13. Bxf6 Bxf6 14. Bh7+ Kh8 15. Rxd8 cxb2+ 16. Kb1 Rxd8 17. Be4 Be6 18. a3 Na5 19. Nd4 Bxd4 20. exd4 Rxd4 21. Re1 Nc4 22. Qc3 Rad8 23. Bc2 Rd2 24. f4 {½-½ Tang,A (2502)-Zeltsan,J (2439) Titled Tue 2nd Jan Late 2024 (5)}) 10. h3 Nh5 $146 ({RR} 10... Ne4 11. Bxe7 Qxe7 12. Nf3 Nd7 13. O-O Ndf6 14. Nd2 Bd7 15. a3 Nxc3 16. Qxc3 Ne4 17. Bxe4 dxe4 18. Qc5 Qh4 19. Qd6 Rad8 20. Qg3 Qxg3 21. fxg3 f5 22. Nc4 Be6 23. Ne5 Rd5 24. Rac1 a5 25. Rc3 {0-1 Hackenberg,R (1388)-Kranch,K (1593) Berlin-ch Seniors 30th 2014 (2)}) ({RR} 10... Ne4 11. Bxe7 Qxe7 12. Nf3 Nd7 13. O-O Nxc3 14. Qxc3 Nf6 15. Rab1 Ne4 16. Qc2 Qf6 17. Ne5 Bf5 18. b4 Nd6 19. Bxf5 Nxf5 20. b5 Rac8 21. bxc6 bxc6 22. Rb7 Re7 23. Rfb1 g6 24. Qc5 Rcc7 25. Qxa7 {1-0 Bykov,V-Marzec,W (1846) Wiesbaden op 24th 2012 (2)}) 11. Bxe7 Qxe7 12. Nf3 Nf4 13. O-O Nxd3 14. Qxd3 Qf6 15. Ne5 Nd7 16. Nxd7 Bxd7 17. Ne2 Qg5 18. Nf4 Re7 19. b4 Bf5 20. Qb3 Rae8 21. Rac1 Qh4 22. Kh2 Qf6 23. g3 h5 24. b5 g5 25. Nxh5 Qd6 26. bxc6 bxc6 27. Qa4 Re6 28. Kg2 Be4+ 29. Kg1 Rh6 30. g4 Qd7 31. Ng3 Bf3 32. Rfe1 Rc8 33. Qc2 Rxh3 34. Qf5 Qxf5 35. gxf5 f6 36. Rb1 Rc7 37. Rb8+ Kf7 38. Reb1 Ke7 39. R1b7 Rxb7 40. Rxb7+ Kd6 41. Rxa7 Rh8 42. a4 Rb8 43. a5 Rb1+ 44. Kh2 Rb2 45. Kg1 Rb1+ 46. Kh2 Rb2 47. Kg1 1/2-1/2

[Event "Olympiad Women 2024"]
[Site "Budapest HUN"]
[Date "2024.09.18"]
[Round "7.67"]
[Board "2"]
[White "Almusawi, Maram"]
[Black "Sokolova, Larisa"]
[Result "0-1"]
[WhiteElo "1510"]
[BlackElo "1705"]
[PlyCount "102"]
[EventDate "2024.09.11"]
[WhiteTeam "Bahrain"]
[BlackTeam "Cyprus"]
[WhiteTeamCountry "BHN"]
[BlackTeamCountry "CYP"]

1. d4 d5 2. c4 c6 3. Nc3 Nf6 4. Bg5 e6 5. e3 Be7 6. Bd3 dxc4 7. Bxc4 Nd5 8. Bxe7 Qxe7 9. Qc2 Nd7 10. Nf3 O-O 11. O-O Nxc3 12. bxc3 e5 13. Rfe1 e4 14. Nd2 Nf6 15. f3 Bf5 $146 ({RR} 15... exf3 16. Nxf3 Be6 17. Bd3 Rad8 18. Ng5 h6 19. Nxe6 Qxe6 20. e4 Rfe8 21. e5 Nd5 22. Bf5 Qe7 23. a3 Qg5 24. Be4 Nf4 25. g3 Ne6 26. Qf2 h5 27. h4 Qe7 28. Rf1 Rd7 29. Qf5 g6 30. Qf6 {1-0 Flores,P-Marx,L (1640) FRA-chT U18 9798 1997 (8)}) ({RR} 15... exf3 16. Nxf3 Bg4 17. Ne5 Bh5 18. Rab1 Rab8 19. Qf5 Kh8 20. Qh3 Bg6 21. Nxg6+ fxg6 22. Bd3 Qd7 23. Qxd7 Nxd7 24. Rf1 b6 25. e4 g5 26. e5 Rbe8 27. Rbe1 g6 28. Rxf8+ Nxf8 29. c4 Ne6 30. d5 {½-½ Tesar,J (2088)-Sykora,J (2043) CZE-chT2D 1617 2016 (8.4)}) 16. fxe4 Bxe4 17. Bd3 Rae8 18. Bxe4 Nxe4 19. Nf3 f6 20. c4 b6 21. Rab1 Qe6 22. Qd3 Rd8 23. Rbc1 Rfe8 24. Qa3 Rd7 25. Qb4 Qg4 26. Rc2 Ng5 27. Nxg5 Qxg5 28. Rce2 Re4 29. Qa4 Rde7 30. Qb3 Kh8 31. Qd3 h5 32. d5 cxd5 33. Qxd5 R4e5 34. Qd8+ Re8 35. Qd3 f5 36. Qd2 Qe7 37. Qd3 Qc5 38. h3 Re4 39. Kh1 Qxc4 40. Qd7 Qc5 41. Qd3 b5 42. Qb3 f4 43. Qd3 fxe3 44. Qd7 a5 45. Qf7 b4 46. Qf3 a4 47. Rb1 Qe5 48. Qf1 Rf4 49. Qd1 Rf2 50. Kg1 Qg3 51. Rxf2 Qxf2+ 0-1

[Event "Olympiad Women 2024"]
[Site "Budapest HUN"]
[Date "2024.09.18"]
[Round "7.67"]
[Board "3"]
[White "Pica, Eleni"]
[Black "Sharaf, Hawra"]
[Result "1-0"]
[WhiteElo "1609"]
[BlackElo "1595"]
[PlyCount "57"]
[EventDate "2024.09.11"]
[WhiteTeam "Cyprus"]
[BlackTeam "Bahrain"]
[WhiteTeamCountry "CYP"]
[BlackTeamCountry "BHN"]

1. d4 d5 2. c4 c6 3. Nc3 Nf6 4. Nf3 dxc4 5. a4 Bf5 6. Ne5 Nbd7 7. Nxc4 Nb6 8. Nxb6 ({RR} 8. e3 Nxc4 9. Bxc4 e6 10. f3 Bg6 11. e4 a5 12. O-O Qb6 13. Qe2 Qxd4+ 14. Be3 Qd8 15. Rad1 Qb8 16. g4 Bb4 17. g5 Nh5 18. f4 O-O 19. f5 Ng3 20. hxg3 Qxg3+ 21. Kh1 Bxc3 22. fxg6 Be5 {1-0 Shirov,A (2726)-Motylev,A (2651) Corsica Masters rap 08th rapid 2004 (2.2)}) 8... axb6 9. Bg5 ({RR} 9. e3 e5 10. Bd3 Bxd3 11. Qxd3 exd4 12. exd4 Bb4 13. O-O O-O 14. Bg5 Qd6 15. Rfe1 h6 16. Bh4 Rfe8 17. Bg3 Qd7 18. Be5 Nd5 19. Nxd5 Qxd5 20. Qg3 f6 21. Bxf6 Rxe1+ 22. Rxe1 Qf7 23. Re6 Kf8 {1-0 Vlachos,A (2482)-Mikhailovsky,V (2215) Titled Tue 16th Apr Early 2024 (4)}) 9... e6 10. e4 $146 ({RR} 10. e3 Be7 11. Be2 h6 12. Bh4 Ne4 13. Bxe7 Qxe7 14. O-O Qb4 15. Bd3 Nxc3 16. bxc3 Qxc3 17. Bxf5 exf5 18. Qb1 Qa5 19. d5 O-O 20. Rd1 g6 21. d6 Rad8 22. Ra2 Rd7 23. e4 fxe4 24. Qxe4 Rfd8 {½-½ Sargsyan,A (2384)-Lehtosaari,M (2200) Titled Tue 1st Nov Late 2022 (11)}) 10... Bg6 11. e5 Ra5 12. Bh4 Bb4 13. exf6 gxf6 14. Bc4 b5 15. Bb3 bxa4 16. Rxa4 Bh5 17. f3 Rg8 18. Rxb4 Rxg2 19. Bf2 Qd6 20. Rxb7 Rag5 21. Qa1 Kf8 22. Qa8+ Kg7 23. Ne4 Qf4 24. Nxg5 Qc1+ 25. Bd1 fxg5 26. Qa3 Bg6 27. Qc3 Qf4 28. d5+ Kh6 29. dxc6 1-0

[Event "Olympiad Women 2024"]
[Site "Budapest HUN"]
[Date "2024.09.18"]
[Round "7.67"]
[Board "4"]
[White "Yaqoob, Wafa"]
[Black "Sokolova, Victoria"]
[Result "1/2-1/2"]
[WhiteElo "1438"]
[BlackElo "1682"]
[PlyCount "70"]
[EventDate "2024.09.11"]
[WhiteTeam "Bahrain"]
[BlackTeam "Cyprus"]
[WhiteTeamCountry "BHN"]
[BlackTeamCountry "CYP"]

1. e4 d6 2. d4 g6 3. Nc3 Bg7 4. Be3 Nc6 5. Qd2 e5 6. Nge2 exd4 ({RR} 6... Nf6 7. f3 h5 8. O-O-O O-O 9. Kb1 a6 10. Bh6 b5 11. Bxg7 Kxg7 12. Nd5 Bb7 13. h3 h4 14. g3 hxg3 15. Nxg3 Rh8 16. dxe5 Nxe5 17. Be2 Bxd5 18. exd5 Qe7 19. Qg5 Kf8 20. f4 Ned7 21. Rde1 {0-1 Krishnan,V (2379)-Deac,B (2700) Titled Tue 31st Jan Late 2023 (1)}) ({RR} 6... Nge7 7. O-O-O O-O 8. d5 Nb8 9. Bh6 f5 10. f3 f4 11. Bxg7 Kxg7 12. g3 g5 13. Rg1 Kh8 14. h4 g4 15. gxf4 gxf3 16. fxe5 fxe2 17. Bxe2 Ng8 18. e6 Na6 19. Kb1 Nc5 20. Bc4 a6 21. Qd4+ {1-0 Chigaev,M (2617)-Fiorito,J (2409) Titled Tue 5th Mar Late 2024 (8)}) 7. Nxd4 Nxd4 8. Bxd4 Nf6 9. Bd3 $146 ({RR} 9. Be2 O-O 10. O-O-O a5 11. h4 a4 12. a3 Re8 13. h5 Bd7 14. hxg6 hxg6 15. f4 Bc6 16. Bf3 Bxe4 17. Nxe4 Rxe4 18. Bxe4 Nxe4 19. Qe3 Nf6 20. f5 Ng4 21. Bxg7 Kxg7 22. Qf4 Ne5 23. f6+ Kg8 {1-0 Blatny,F (2305)-Keprt,P (2220) Morava-chT 9899 1998 (7)}) ({RR} 9. O-O-O O-O 10. f3 a5 11. g4 a4 12. a3 Bd7 13. e5 dxe5 14. Bc5 Bc6 15. Qe3 Nxg4 16. Rxd8 Nxe3 17. Rxf8+ Bxf8 18. Bxe3 Bxf3 19. Rg1 c6 20. Bc4 e4 21. Rf1 Re8 22. Bb6 Bh6+ 23. Kb1 Bd2 {1-0 Socko,B (2435)-Keprt,P (2250) Frydek Mistek op-A 1997 (4)}) ({RR} 9. f3 Qe7 10. O-O-O Be6 11. Kb1 a6 12. Re1 O-O-O 13. g3 Nh5 14. Bg2 Qd7 15. Bxg7 Nxg7 16. Qd4 f5 17. exf5 Nxf5 18. Qa7 c6 19. Bf1 Rhe8 20. Bd3 Qc7 21. Re2 c5 22. Bxf5 gxf5 23. Rhe1 Kd7 {0-1 Orhan,Z (1768)-Kohlmann,A (1936) GER-chT U20 Kelheim 2007 (2.6)}) 9... O-O 10. O-O-O Be6 11. f3 Nd7 12. Bxg7 Kxg7 13. g4 Ne5 14. Be2 a6 15. h4 Rh8 16. Rdg1 b5 17. f4 Nc4 18. Qd4+ Qf6 19. Qxf6+ Kxf6 20. Nd5+ Bxd5 21. exd5 Nb6 22. Bf3 Rae8 23. Re1 Kg7 24. Kd2 h6 25. b3 f6 26. Re6 Kf7 27. Rhe1 Nd7 28. Rxe8 Rxe8 29. Rxe8 Kxe8 30. Kc3 g5 31. fxg5 fxg5 32. h5 Ne5 33. Be2 c5 34. dxc6 Nxc6 35. a4 b4+ 1/2-1/2